Entry Personal Name
Number of records used in: 1
001 - CONTROL NUMBER
003 - CONTROL NUMBER IDENTIFIER
005 - DATE AND TIME OF LATEST TRANSACTION
- control field:
20230920131432.0
008 - FIXED-LENGTH DATA ELEMENTS
- fixed length control field:
841128n| acannaab |n aaa
010 ## - LIBRARY OF CONGRESS CONTROL NUMBER
- LC control number:
n 84135107
040 ## - CATALOGING SOURCE
- Original cataloging agency:
DLC
- Transcribing agency:
DLC
- Modifying agency:
DLC
100 10 - HEADING--PERSONAL NAME
- Personal name:
Spiegel, Gabrielle M.
670 ## - SOURCE DATA FOUND
- Source citation:
Her The chronicle tradition of Saint-Denis, 1978:
- Information found:
t.p. (Gabrielle M. Spiegel)
670 ## - SOURCE DATA FOUND
- Source citation:
New directions in historical writing after the linguistic turn, 2005:
- Information found:
ECIP t.p. (Gabrielle M. Spiegel) data view (Gabrielle Spiegel; b. 01-20-1943; Gabrielle M. Spiegel is dean of humanities at the Univ. of Calif., Los Angeles)